000 01569cam a22003015i 4500
999 _c3360
_d3360
003 EG-ScBUE
005 20200108090604.0
008 190729s1992 enk f b 001 0 eng d
020 _a9780521032711
020 _a0521032717
040 _aEG-ScBUE
_beng
_erda
_cEG-ScBUE
_dEG-ScBUE
082 0 4 _a809.2045
_bMAL
_222
100 1 _aMalkin, Jeanette R.,
_eauthor.
245 1 0 _aVerbal violence in contemporary drama :
_bfrom Handke to Shepard /
_cJeanette R. Malkin, Department of Theatre History, Hebrew University, Jerusalem.
264 1 _aCambridge :
_bCambridge University Press,
_c1992.
300 _aix, 245 pages ;
_c23 cm
336 _atext
_btxt
_2rdacontent
337 _aunmediated
_bn
_2rdamedia
338 _avolume
_bnc
_2rdacarrier
504 _aIncludes bibliographical references and index.
520 _aIn this book, Jeanette Malkin considers a broad spectrum of postwar plays in which characters are created, coerced, and destroyed by language. The playwrights examined are diverse and include Handke, Pinter, Bond, Albee, Mamet, and Shepard, as well as Vaclav Havel and two of his plays: The Garden Party and The Memorandum. These playwrights portray language's manipulation of our political, social, and interpersonal worlds. Writing in a variety of idioms and styles, the playwrights all reveal the link between language and power.
650 7 _aDrama
_y20th century
_xHistory and criticism.
_2BUEsh
_930822
650 7 _aDialogue.
_2BUEsh
650 7 _aViolence in literature.
_2BUEsh
651 _2BUEsh
653 _bHHUUEENN
942 _cBB
_2ddc